REVAMPING HIGHER EDUCATION FOR THE 21ST CENTURY/ (Record no. 212789)

MARC details
000 -LEADER
fixed length control field 00643nam a22001937a 4500
005 - DATE AND TIME OF LATEST TRANSACTION
control field 20250801140918.0
010 ## - LCCN (DPL NO)
LC control number ENG-146302
020 ## - INTERNATIONAL STANDARD BOOK NUMBER
International Standard Book Number 9788198436993
Terms of availability 699.00
035 ## - SYSTEM CONTROL NUMBER
System control number EN-129834
037 ## - SOURCE OF ACQUISITION
Source of stock number/acquisition DBAD
082 ## - DEWEY DECIMAL CLASSIFICATION NUMBER
Classification number 378.54
100 ## - MAIN ENTRY--PERSONAL NAME
Personal name Kumar Dubey,Arun
245 ## - TITLE STATEMENT
Title REVAMPING HIGHER EDUCATION FOR THE 21ST CENTURY/
Statement of responsibility, etc ARUN KUMAR DUBEY
260 ## - PUBLICATION, DISTRIBUTION, ETC. (IMPRINT)
Place of publication, distribution, etc CHHATTISGARH
Name of publisher, distributor, etc ADITI PUBLICATION
Date of publication, distribution, etc 2025
270 ## - ADDRESS
Address OPP. NEW PANCHJANYA VIDYA MANDIR, NEAR TIRANGA CHOWK, KUHALPUR, RAIPUR, CHHATTISGARH
City CHHATTISGARH
300 ## - PHYSICAL DESCRIPTION
Extent 205p.
Dimensions 29cm(pbk)
700 ## - ADDED ENTRY--PERSONAL NAME
Personal name DUBEY, ABHA
9 (RLIN) 83596
942 ## - ADDED ENTRY ELEMENTS (KOHA)
Source of classification or shelving scheme Dewey Decimal Classification
Item type English Books
Classification part 378.54
Call number suffix KUM
Edition 01
Holdings
Withdrawn status Lost status Not for loan Collection code Home library Current library Date acquired Source of acquisition Cost, normal purchase price Full call number Barcode Copy number Cost, replacement price Koha item type
      Non-fiction Mobile Library Mobile Library 01/08/2025 DBAD 699.00 378.54 KUM EN-129834 1 699.00 English Books

© Delhi Public Library
Hit Counter
free hit counter